000 00291nam a2200121Ia 4500
008 220204s9999 xx 000 0 und d
082 _a504
_bFUT
100 _aFutehally, Laeeq
245 0 _aOur environment
250 _aEd.3
260 _aNew Delhi
_bNational Book Trust
_c1994
942 _cBK
999 _c41825
_d41825